00898nam a2200265Ia 450000500170000000800410001702000180005810000480007624501320012425000110025630000180026765000340028565000320031965000340035165000290038570000250041494200120043926400320045133600270048333700330051033800280054304000350057108400110060699900150061720220317000210.0141031s9999 xx 000 0 und d a978841557673010aEça de Queiroz, José Maríad1845-190014aLos Maia : episodios de la vida romántica cJosé María Eça de Queiroz ; traducción, prólogo y notas de Jorge Gimeno a2a ed. a829 páginas14a Amor en la literatura 2LEMB14a Autores portugueses 2LEMB14a Literatura portuguesa 2LEMB14aNovela portuguesa 2LEMB10aGimeno, Jorge917084 2loccBK aValencia bPre-textosc2013 atextobtxt2rdacontent asin mediaciónbn2rdamedia avolumenbnc2rdacarrier aCO-BoRNBPbspaerdacCO-BoRNBP aN ECA1 c3373d3373